| 000 | 01267cam a2200313 i 4500 | ||
|---|---|---|---|
| 001 | 200445026 | ||
| 003 | TR-AnTOB | ||
| 005 | 20251230132138.0 | ||
| 007 | ta | ||
| 008 | 211115s1993 tu 000 0 tur d | ||
| 020 | _a9755121609 | ||
| 040 |
_aTR-AnTOB _beng _erda _cTR-AnTOB _dTR-AnTOB |
||
| 041 | 0 | _atur | |
| 050 | 1 | 4 |
_aVK203 _b.I8 1993 |
| 090 |
_aTOBBK VK203 _b.I8 1993 |
||
| 111 | 2 |
_aInternational Conference on Maritime Safety _d(1992 : _cİstanbul, Turkey) _9151430 |
|
| 245 | 0 | 0 |
_aInternational conference on maritime safety: [proceedings] 12 November 1992= _bUluslararası denizde güvenlik konferansı 12 Kasım 1992/ _cİstanbul ve Marmara, Ege, Akdeniz, Karadeniz Bölgeleri Deniz Ticaret Odası. |
| 264 | 1 |
_aİstanbul: _bİstanbul ve Marmara, Ege, Akdeniz, Karadeniz Bölgeleri Deniz Ticaret Odası, _c1993. |
|
| 300 |
_a165 pages : _billustrations, tables ; _c20 cm |
||
| 336 |
_atext _btxt _2rdacontent |
||
| 337 |
_aunmediated _bn _2rdamedia |
||
| 338 |
_avolume _bnc _2rdacarrier |
||
| 490 | 0 |
_aDeniz Ticaret Odası Yayın No: _v30. |
|
| 490 | 0 |
_aChamber of Shipping Publication No: _v30. |
|
| 650 | 0 |
_aNavigation _xSafety measures _vCongresses _9151429 |
|
| 942 |
_2z _cBK |
||
| 999 |
_c200445026 _d63238 |
||